[Event "Sparkassen-Open A"]
[Site "Heusenstamm, Martinsee"]
[Date "2024.11.23"]
[Round "4.99"]
[White "Schramm, Luca"]
[Black "Kluge, Joscha"]
[Result "1-0"]
[WhiteElo "1892"]
[BlackElo "1703"]
[PlyCount "99"]
[EventDate "2024.11.21"]
[WhiteTeam "SC Einrich e.V."]
[BlackTeam "SC Bergen-Enkheim 1922"]

1. d4 Nf6 2. c4 d6 3. Nf3 g6 4. g3 Bg7 5. Bg2 O-O 6. O-O Nc6 7. Nc3 Nd7 8. e4 e5 9. Bg5 Ne7 10. c5 h6 11. Bxe7 Qxe7 12. Nd5 Qd8 13. cxd6 cxd6 14. Rc1 Nb6 15. dxe5 dxe5 16. Qb3 Bd7 17. Rfd1 Ba4 18. Qb4 Bxd1 19. Rxd1 Re8 20. Bh3 Bf8 21. Qb3 Nxd5 22. Rxd5 Qf6 23. Kg2 b6 24. Rd7 Bc5 25. Qc4 a5 26. a3 Rad8 27. b4 axb4 28. axb4 Bf8 29. Rc7 Rd6 30. Bc8 Re7 31. Bb7 Rdd7 32. Rc6 Rd6 33. Ba8 Red7 34. Rc7 Rd3 35. Ne1 Rd2 36. Nf3 R2d3 37. Ne1 R3d4 38. Rc6 Rxc4 39. Rxf6 Bxb4 40. Nf3 Bd6 41. Bd5 Rc2 42. Rxg6+ Kh7 43. Bxf7 Bc5 44. Rf6 Rxf2+ 45. Kh3 Re7 46. Bh5 b5 47. Rc6 Bd4 48. Nh4 b4 49. Nf5 Rb7 50. Bg6+ 1-0

[Event "Sparkassen-Open A"]
[Site "Heusenstamm, Martinsee"]
[Date "2024.11.23"]
[Round "4.101"]
[White "Hildebrand, Azat"]
[Black "Stein, Tobias"]
[Result "1/2-1/2"]
[WhiteElo "1591"]
[BlackElo "2034"]
[PlyCount "83"]
[EventDate "2024.11.21"]
[WhiteTeam "TSG Oberschöneweide e.V."]
[BlackTeam "SV Alsfeld"]

1. e4 c5 2. Nf3 d6 3. d4 cxd4 4. Nxd4 Nf6 5. Nc3 a6 6. Bc4 e6 7. Bg5 Nbd7 8. f3 Ne5 9. Bb3 Be7 10. Qd2 Qc7 11. O-O-O Bd7 12. f4 Nc6 13. Bxf6 Bxf6 14. Nxc6 Bxc6 15. Qxd6 Qxd6 16. Rxd6 Bxc3 17. bxc3 Bxe4 18. Bxe6 Ke7 19. Rd4 Bxg2 20. Rg1 fxe6 21. Rxg2 g6 22. Re2 Rhe8 23. Rb4 b5 24. c4 Rab8 25. cxb5 Rxb5 26. Rxb5 axb5 27. Re5 Rb8 28. Kb2 Kd6 29. Kb3 h6 30. h4 Rf8 31. Rxb5 Rxf4 32. Rb4 Rxb4+ 33. Kxb4 g5 34. hxg5 h5 35. c4 h4 36. c5+ Ke7 37. c6 h3 38. c7 Kd7 39. g6 h2 40. g7 h1=Q 41. c8=Q+ Kxc8 42. g8=Q+ 1/2-1/2

[Event "Sparkassen-Open A"]
[Site "Heusenstamm, Martinsee"]
[Date "2024.11.23"]
[Round "4.102"]
[White "Scheerer, Amelie"]
[Black "Nickel, Jonas"]
[Result "0-1"]
[WhiteElo "1788"]
[BlackElo "1950"]
[PlyCount "36"]
[EventDate "2024.11.21"]
[WhiteTeam "SV 1934 Ffm-Griesheim"]
[BlackTeam "Schachdrachen Büdingen-Wächtersb"]

1. e4 c5 2. Nf3 g6 3. d4 cxd4 4. Nxd4 Bg7 5. Be3 Nc6 6. Nc3 Nf6 7. Bc4 O-O 8. Bb3 a5 9. f3 a4 10. Bc4 Qa5 11. O-O Qb4 12. Bb5 a3 13. Na4 Nxd4 14. Nb6 axb2 15. Rb1 Rb8 16. Bxd4 Qxb5 17. Rxb2 Qc6 18. e5 Nd5 0-1

[Event "Sparkassen-Open A"]
[Site "Heusenstamm, Martinsee"]
[Date "2024.11.23"]
[Round "4.103"]
[White "Moldenhauer, Lennart"]
[Black "Stuhlmann, Florian"]
[Result "0-1"]
[WhiteElo "1784"]
[BlackElo "1947"]
[PlyCount "52"]
[EventDate "2024.11.21"]
[WhiteTeam "SV Oberursel"]
[BlackTeam "SC Königsflügel Lindenholzhausen"]

1. e4 c5 2. a3 Nc6 3. b4 Nf6 4. b5 Nd4 5. c3 Ne6 6. e5 Nd5 7. Nf3 d6 8. d4 cxd4 9. cxd4 g6 10. Bc4 Nb6 11. Bb3 Bg7 12. O-O O-O 13. Be3 Nc7 14. Nc3 dxe5 15. dxe5 Bg4 16. Bf4 Ne6 17. Bg3 Rc8 18. Rc1 Bh6 19. Bxe6 Bxe6 20. Ng5 Qxd1 21. Rfxd1 Bxg5 22. f4 Bh6 23. Ne4 Bg4 24. Re1 Nd5 25. Rf1 Rxc1 26. Rxc1 Rc8 0-1

[Event "Sparkassen-Open A"]
[Site "Heusenstamm, Martinsee"]
[Date "2024.11.23"]
[Round "4.104"]
[White "Porstendörfer, Yannik"]
[Black "Maerz, Maximilian"]
[Result "1/2-1/2"]
[WhiteElo "1769"]
[BlackElo "1914"]
[PlyCount "172"]
[EventDate "2024.11.21"]
[WhiteTeam "SK 1982 Klingenberg e.V."]
[BlackTeam "SC Heimbach-Weis/Neuwied e.V."]

1. d4 Nf6 2. Nc3 d5 3. Bf4 Bf5 4. f3 e6 5. g4 Bg6 6. h4 h5 7. g5 Ng8 8. e3 Bb4 9. Bd3 Ne7 10. Nge2 c5 11. Be5 O-O 12. Nf4 Bxd3 13. Qxd3 g6 14. Bf6 cxd4 15. exd4 Nbc6 16. O-O-O Qa5 17. Nb1 Qxa2 18. Rdg1 Qc4 19. Qd1 Nf5 20. c3 Bd6 21. Nxh5 gxh5 22. f4 Bxf4+ 23. Nd2 Qd3 24. Rg2 Ne3 25. Rh3 Nxd1 26. Rxd3 Bxd2+ 27. Rgxd2 Nxb2 28. Rxb2 Na5 29. Rg3 Kh7 30. Rf2 Nc6 31. Rgf3 Rac8 32. Be5 Nxe5 33. dxe5 Kg7 34. Rf6 Rxc3+ 35. Kd2 Rcc8 36. Rg2 Rc4 37. g6 Rxh4 38. gxf7+ Rg4 39. Rgf2 Rg5 40. R6f3 Rxe5 41. Rg3+ Kh7 42. Rf6 Rf5 43. Rxe6 R8xf7 44. Rgg6 Rf4 45. Rh6+ Kg7 46. Reg6+ Kf8 47. Rxh5 R4f5 48. Rh8+ Ke7 49. Rb8 Rf2+ 50. Kc3 R7f3+ 51. Kd4 Kf7 52. Rh6 Kg7 53. Rd6 Rf7 54. Ke3 R7f3+ 55. Kd4 Rd2+ 56. Ke5 Re3+ 57. Kf4 Re4+ 58. Kf3 Rd3+ 59. Kf2 Rb4 60. Ke2 Rh3 61. Rd7+ Kf6 62. Rdxb7 Rxb7 63. Rxb7 Ra3 64. Rh7 Ke5 65. Rh4 a5 66. Kd2 Kd6 67. Kc2 Kc5 68. Kb2 Rd3 69. Kc2 Rd4 70. Rh8 Kb4 71. Rb8+ Ka3 72. Kc3 Rb4 73. Rd8 d4+ 74. Kc2 a4 75. Rd7 Ka2 76. Rd8 a3 77. Rd7 Ka1 78. Rd8 a2 79. Rh8 Rc4+ 80. Kd3 Kb2 81. Rh2+ Kb3 82. Rxa2 Rc1 83. Ra8 Rd1+ 84. Ke4 d3 85. Ke3 d2 86. Ke2 Rh1 1/2-1/2

[Event "Sparkassen-Open A"]
[Site "Heusenstamm, Martinsee"]
[Date "2024.11.23"]
[Round "4.105"]
[White "Schulze, Manfred"]
[Black "Kramer, Lars"]
[Result "1-0"]
[WhiteElo "1889"]
[BlackElo "1704"]
[PlyCount "49"]
[EventDate "2024.11.21"]
[WhiteTeam "SC Steinbach"]
[BlackTeam "SF 1982 Ötzingen e.V."]

1. d4 Nf6 2. Nf3 e6 3. Bf4 d5 4. e3 b6 5. Nbd2 Bb7 6. Ne5 Bd6 7. Ndf3 O-O 8. Bd3 c5 9. c3 Nc6 10. O-O Qc7 11. Rc1 Nh5 12. Bxh7+ Kh8 13. Ng5 Nxf4 14. exf4 g6 15. Qg4 Nxe5 16. fxe5 Bc8 17. exd6 Qxd6 18. Qh4 Kg7 19. f4 Rh8 20. Rf3 f6 21. Rh3 fxg5 22. fxg5 e5 23. Rf1 Bf5 24. Qh6+ Kf7 25. Rxf5+ 1-0

[Event "Sparkassen-Open A"]
[Site "Heusenstamm, Martinsee"]
[Date "2024.11.23"]
[Round "4.106"]
[White "Zarriess, Benjamin"]
[Black "Klebs, Sebastian"]
[Result "0-1"]
[WhiteElo "1751"]
[BlackElo "1871"]
[PlyCount "172"]
[EventDate "2024.11.21"]
[WhiteTeam "Hamburg"]
[BlackTeam "Karlsruher SF 1853"]

1. e4 c5 2. Nf3 e6 3. c3 d5 4. exd5 Qxd5 5. d4 Nc6 6. Na3 a6 7. Nc4 Qd8 8. a4 Nf6 9. Be3 Nd5 10. Bg5 Be7 11. Bxe7 Qxe7 12. g3 O-O 13. Bg2 Bd7 14. O-O Rfd8 15. Re1 cxd4 16. Nxd4 Qc5 17. Nxc6 Bxc6 18. Qe2 Nf6 19. b4 Qe7 20. Bxc6 bxc6 21. Ne5 Qc7 22. Qc4 Rd2 23. Qxc6 Qa7 24. Qf3 Rad8 25. Nc6 Qa8 26. Ne7+ Kf8 27. Qxa8 Rxa8 28. Nc6 Ng4 29. Rf1 h5 30. h3 Nf6 31. b5 axb5 32. axb5 Rxa1 33. Rxa1 Rb2 34. Ra8+ Ne8 35. Nb4 Ke7 36. b6 Nd6 37. b7 Nxb7 38. Ra7 Kf6 39. Rxb7 Kg6 40. Rc7 Rb3 41. Nd3 f6 42. Nf4+ Kf5 43. Nxh5 g5 44. Ng7+ Ke5 45. h4 gxh4 46. gxh4 Rb8 47. Kg2 Rg8 48. h5 f5 49. Rf7 Rc8 50. h6 Rh8 51. Nh5 Rxh6 52. Ng3 Kd5 53. Rc7 f4 54. Ne2 e5 55. c4+ Ke4 56. Nc3+ Kd3 57. Nd5 Ke2 58. Nc3+ Kd3 59. Nd5 Ke2 60. f3 Rg6+ 61. Kh3 Kxf3 62. Kh4 Ke4 63. Nc3+ Kd3 64. Nd1 f3 65. c5 Ke2 66. Nc3+ Kd2 67. Ne4+ Ke3 68. Ng3 f2 69. c6 Rxg3 70. Rf7 Rf3 71. Rxf3+ Kxf3 72. c7 f1=Q 73. c8=Q Qe1+ 74. Kg5 Qg3+ 75. Kf6 Qf4+ 76. Ke7 e4 77. Qh3+ Qg3 78. Qf5+ Ke3 79. Qc5+ Ke2 80. Qc4+ Qd3 81. Qa2+ Ke1 82. Qa1+ Kf2 83. Qb2+ Qe2 84. Qb6+ e3 85. Qf6+ Qf3 86. Qh4+ Kf1 0-1

[Event "Sparkassen-Open A"]
[Site "Heusenstamm, Martinsee"]
[Date "2024.11.23"]
[Round "4.107"]
[White "Faßler, Felix"]
[Black "Al Luwaisi, Omer"]
[Result "1/2-1/2"]
[WhiteElo "1857"]
[BlackElo "1667"]
[PlyCount "86"]
[EventDate "2024.11.21"]
[WhiteTeam "SC Fulda"]
[BlackTeam "SC ML Kastellaun"]

1. e4 c6 2. d4 d5 3. exd5 cxd5 4. Bd3 Nc6 5. c3 Nf6 6. h3 g6 7. Nf3 Bf5 8. O-O Bxd3 9. Qxd3 Bg7 10. Bf4 O-O 11. Re1 a6 12. a4 Rc8 13. Nbd2 e6 14. Ne5 Nd7 15. Ndf3 Ncxe5 16. Nxe5 Nxe5 17. dxe5 Qb6 18. Qd2 Rfd8 19. Be3 Qc7 20. Bd4 Qe7 21. a5 Rc4 22. b4 Rdc8 23. g3 h5 24. Rad1 Kh7 25. Qd3 Bh6 26. Rb1 Qd7 27. Rb2 Qb5 28. Qf3 Qe8 29. b5 axb5 30. Reb1 b4 31. Rxb4 Rxb4 32. Rxb4 Rc7 33. Qd1 Bf8 34. Rb6 Bc5 35. Bxc5 Rxc5 36. Rxb7 Rxa5 37. Qb3 Kg7 38. Qb4 Ra4 39. Qd6 Ra1+ 40. Kg2 Qa4 41. c4 Qd1 42. Rxf7+ Kxf7 43. Qd7+ Kf8 1/2-1/2

[Event "Sparkassen-Open A"]
[Site "Heusenstamm, Martinsee"]
[Date "2024.11.23"]
[Round "4.108"]
[White "Maul, Kilian"]
[Black "Fettig, Michel"]
[Result "1-0"]
[WhiteElo "1849"]
[BlackElo "1715"]
[PlyCount "85"]
[EventDate "2024.11.21"]
[WhiteTeam "SV Oberursel"]
[BlackTeam "SC ML Kastellaun"]

1. d4 Nf6 2. c4 e6 3. Nf3 d5 4. cxd5 exd5 5. Bg5 Be7 6. Nc3 Be6 7. Qc2 Nbd7 8. e3 O-O 9. Bd3 a6 10. Ne5 h6 11. Bxf6 Bxf6 12. f4 c5 13. O-O c4 14. Be2 Nb6 15. Rad1 Bxe5 16. dxe5 f5 17. Bf3 Qd7 18. Rd4 Rad8 19. Rfd1 Qc6 20. Qd2 Rf7 21. Nxd5 Bxd5 22. Bxd5 Nxd5 23. Rxd5 Rxd5 24. Qxd5 Qa4 25. a3 Qb3 26. Qd4 Kh7 27. e4 Qc2 28. exf5 Rxf5 29. Rf1 Qe2 30. Qc3 Qe4 31. Qd2 b5 32. g3 Qc6 33. Qd4 Rf7 34. Re1 Kh8 35. e6 Re7 36. f5 Kh7 37. Qe4 Qc5+ 38. Kg2 Kh8 39. Rd1 Qc7 40. Qa8+ Kh7 41. Rd8 g5 42. Rh8+ Kg7 43. Qf8# 1-0

[Event "Sparkassen-Open A"]
[Site "Heusenstamm, Martinsee"]
[Date "2024.11.23"]
[Round "4.109"]
[White "Althaus, Lennart"]
[Black "Schulze, Fabian"]
[Result "0-1"]
[WhiteElo "1711"]
[BlackElo "1828"]
[PlyCount "50"]
[EventDate "2024.11.21"]
[WhiteTeam "TV-Großostheim 1900 e.V."]
[BlackTeam "SC Steinbach"]

1. c4 e6 2. Nc3 d5 3. cxd5 exd5 4. d4 c6 5. Nf3 f5 6. Bg5 Be7 7. Bxe7 Qxe7 8. a3 a5 9. Rb1 Nf6 10. Na4 Nbd7 11. b4 b5 12. Nc5 Nxc5 13. dxc5 Ne4 14. Rb3 a4 15. Rd3 O-O 16. Nd4 Bd7 17. e3 f4 18. Be2 fxe3 19. Rxe3 Qh4 20. g3 Qh3 21. Bf1 Qh6 22. Nf3 Rae8 23. Re2 Nc3 24. Qc2 Nxe2 25. Bxe2 Rxf3 0-1

[Event "Sparkassen-Open A"]
[Site "Heusenstamm, Martinsee"]
[Date "2024.11.23"]
[Round "4.111"]
[White "Weidemann, Max"]
[Black "Fröhlich-Dill, Astrid"]
[Result "1/2-1/2"]
[WhiteElo "1556"]
[BlackElo "1794"]
[PlyCount "90"]
[EventDate "2024.11.21"]
[WhiteTeam "Vorw.Orient Mainz"]
[BlackTeam "SV 1920 Hofheim"]

1. e4 e5 2. Nf3 Nc6 3. Bb5 d6 4. O-O Nf6 5. Re1 Bd7 6. c3 a6 7. Ba4 b5 8. Bc2 Bg4 9. h3 Bh5 10. d3 h6 11. Be3 Qd7 12. Nbd2 Ne7 13. Nf1 g5 14. Ng3 Bg6 15. Nh2 Bg7 16. d4 Nh7 17. a4 O-O 18. Bb3 Kh8 19. dxe5 Bxe5 20. Bd4 f6 21. Bxe5 fxe5 22. Ng4 Qe8 23. Nxh6 Rf4 24. Ng4 Qf8 25. f3 Bf7 26. axb5 axb5 27. Ne2 Rxa1 28. Qxa1 Bxb3 29. Nxf4 gxf4 30. Qa5 Qb8 31. Ra1 Kg7 32. Kh1 Nf8 33. Qb4 Be6 34. Nxe5 Kf6 35. Nd3 Nc6 36. Qa3 Ng6 37. Qa6 Nce5 38. Nb4 Bc8 39. Qa8 Qxa8 40. Rxa8 Be6 41. Rb8 c6 42. Nc2 d5 43. exd5 Bxd5 44. Nd4 Nd7 45. Re8 Nde5 1/2-1/2

[Event "Sparkassen-Open A"]
[Site "Heusenstamm, Martinsee"]
[Date "2024.11.23"]
[Round "4.112"]
[White "Doering, Janno"]
[Black "Wilke, Jörg"]
[Result "0-1"]
[WhiteElo "1813"]
[BlackElo "1913"]
[PlyCount "62"]
[EventDate "2024.11.21"]
[WhiteTeam "SK Bingen"]
[BlackTeam "SC Matt im Park Ffm"]

1. d4 d5 2. c4 c6 3. e3 Nf6 4. Nf3 Bg4 5. cxd5 cxd5 6. Be2 Nc6 7. O-O e6 8. Nc3 Bd6 9. h3 Bh5 10. a3 O-O 11. b4 Rc8 12. Bb2 Bb8 13. Nd2 Bg6 14. Nb3 Qd6 15. f4 Ne4 16. Nxe4 Bxe4 17. Nc5 Rc7 18. Nxe4 dxe4 19. Qd2 Rd7 20. Qc2 f5 21. Bc4 Ne7 22. Qe2 Nd5 23. g4 g5 24. gxf5 Rxf5 25. Rac1 gxf4 26. Rxf4 Nxf4 27. exf4 Rxf4 28. d5 exd5 29. Qg2+ Qg6 30. Qxg6+ hxg6 31. Bb5 Rd8 0-1

[Event "Sparkassen-Open A"]
[Site "Heusenstamm, Martinsee"]
[Date "2024.11.23"]
[Round "4.113"]
[White "Schumacher, Markus"]
[Black "Henn, Jakob"]
[Result "1-0"]
[WhiteElo "1902"]
[BlackElo "1789"]
[PlyCount "99"]
[EventDate "2024.11.21"]
[WhiteTeam "Godesberger SK 1929 e. V"]
[BlackTeam "SC Bad Nauheim"]

1. d4 d5 2. c4 e6 3. Nc3 Nf6 4. cxd5 exd5 5. Bg5 c6 6. e3 h6 7. Bh4 Be7 8. Bd3 O-O 9. Nf3 Re8 10. O-O Ne4 11. Bxe7 Qxe7 12. Ne5 Nd7 13. Nxd7 Bxd7 14. Qc2 Nd6 15. a3 Qg5 16. Kh1 Bf5 17. b4 Bxd3 18. Qxd3 b5 19. Rae1 Qe7 20. Nb1 a5 21. Qc3 Nc4 22. Nd2 axb4 23. axb4 Ra3 24. Qc2 Qxb4 25. Nf3 g6 26. Rb1 Qa4 27. Qe2 Ra2 28. Qe1 Rb2 29. Rxb2 Nxb2 30. Ne5 Qa6 31. Nxg6 fxg6 32. Qb1 Kg7 33. Qxb2 b4 34. Ra1 Qb6 35. h4 Kf7 36. h5 g5 37. Rb1 Rb8 38. Qc2 Rg8 39. Qh7+ Rg7 40. Qxh6 b3 41. Qd6 Rg8 42. Qd7+ Kf6 43. f4 b2 44. Qf5+ Ke7 45. Qh7+ Kf8 46. Qc2 Qc7 47. Qxb2 Qh7 48. Qb8+ Kg7 49. Rb7+ Kf6 50. Qe5# 1-0

[Event "Sparkassen-Open A"]
[Site "Heusenstamm, Martinsee"]
[Date "2024.11.23"]
[Round "4.114"]
[White "Lang, Nico"]
[Black "Herrmann, Gerhard"]
[Result "1-0"]
[WhiteElo "1896"]
[BlackElo "1698"]
[PlyCount "73"]
[EventDate "2024.11.21"]
[WhiteTeam "Schachverein Ahlen 1954 e. V."]
[BlackTeam "SC Königsspringer Alzenau e.V"]

1. e4 d5 2. exd5 Nf6 3. Nf3 Nxd5 4. d4 Bf5 5. Bd2 e6 6. a3 c5 7. dxc5 Bxc5 8. b4 Be7 9. c4 Nf6 10. Nc3 O-O 11. Qb3 Nbd7 12. Be2 Ne4 13. Nxe4 Bxe4 14. Rd1 Nf6 15. Bf4 Qc8 16. O-O Nh5 17. Be3 Nf6 18. Ne5 g5 19. b5 Bc5 20. Rd2 Bxe3 21. Qxe3 Rd8 22. Rfd1 Rxd2 23. Qxd2 b6 24. Qd6 g4 25. Qxb6 Bc2 26. Rd2 Bb3 27. Nc6 Qf8 28. Qc7 h6 29. Ne7+ Kh8 30. b6 Re8 31. b7 Rb8 32. Nc6 Re8 33. b8=Q Rxb8 34. Nxb8 Qxa3 35. Rd8+ Ng8 36. Qxf7 Qc1+ 37. Bf1 1-0

[Event "Sparkassen-Open A"]
[Site "Heusenstamm, Martinsee"]
[Date "2024.11.23"]
[Round "4.116"]
[White "Hebauf, Markus"]
[Black "Sejdovic, Cemal"]
[Result "1-0"]
[WhiteElo "1696"]
[BlackElo "1861"]
[PlyCount "87"]
[EventDate "2024.11.21"]
[WhiteTeam "Sfr.1932 Kelkheim"]
[BlackTeam "SK 1959 Bischofsheim"]

1. d4 e6 2. c4 Nf6 3. Nc3 Nc6 4. Nf3 g6 5. e4 Bg7 6. Bg5 h6 7. Be3 d6 8. Be2 Ng4 9. Qd2 Nxe3 10. Qxe3 O-O 11. O-O Ne7 12. Rad1 c6 13. Qc1 Kh7 14. d5 Qc7 15. Nd2 Bd7 16. f4 cxd5 17. exd5 Qc5+ 18. Kh1 exd5 19. Nxd5 Nxd5 20. cxd5 Qxd5 21. Nc4 Qe6 22. Bf3 Rac8 23. Bd5 Qf6 24. Bxb7 Rc7 25. Rxd6 Be6 26. Bd5 Rfc8 27. Bxe6 fxe6 28. b3 Qf5 29. Qe1 Re7 30. Qd1 a5 31. Ra6 Rc5 32. Ra8 Rd5 33. Qe1 h5 34. Rxa5 Red7 35. Rxd5 exd5 36. Ne3 Qd3 37. Nd1 d4 38. Nf2 Qc2 39. Qe6 Ra7 40. a4 Rb7 41. Qc4 Qb2 42. Ne4 Rxb3 43. Ng5+ Kh6 44. Qg8 1-0

[Event "Sparkassen-Open A"]
[Site "Heusenstamm, Martinsee"]
[Date "2024.11.23"]
[Round "4.117"]
[White "Henzelmann, Matthias"]
[Black "Mohr, Alwin"]
[Result "0-1"]
[WhiteElo "1680"]
[BlackElo "1818"]
[PlyCount "106"]
[EventDate "2024.11.21"]
[WhiteTeam "SC Heuchelheim"]
[BlackTeam "SV Oberursel"]

1. d4 Nf6 2. c4 e6 3. Nf3 d5 4. Bg5 Be7 5. e3 O-O 6. Nc3 a6 7. a3 h6 8. Bh4 Nbd7 9. cxd5 Nxd5 10. Nxd5 Bxh4 11. Nxh4 exd5 12. Nf3 Nf6 13. Bd3 Bg4 14. h3 Bxf3 15. Qxf3 Qd6 16. O-O Rae8 17. Rac1 g6 18. Rc2 c6 19. Rfc1 Re6 20. Rd2 Kg7 21. Rdd1 Qe7 22. Rf1 Ne8 23. g3 Nd6 24. Kh2 f5 25. Rce1 Ne4 26. Bxe4 fxe4 27. Qe2 Rf5 28. Rc1 h5 29. Rg1 Qc7 30. Kg2 Ref6 31. Rcf1 Qf7 32. Rh1 b6 33. Rh2 c5 34. dxc5 bxc5 35. Kg1 Qe7 36. Re1 Qd6 37. Qd2 Qe5 38. Re2 d4 39. exd4 cxd4 40. Rg2 e3 41. fxe3 dxe3 42. Qe1 h4 43. Kh2 Rf1 44. Qb4 hxg3+ 45. Rxg3 R6f2+ 46. Rxf2 Rxf2+ 47. Kh1 Qxg3 48. Qd4+ Rf6 49. Qa7+ Rf7 50. Qd4+ Kh7 51. Qc4 Qe1+ 52. Kh2 Qf2+ 53. Kh1 e2 0-1

[Event "Sparkassen-Open A"]
[Site "Heusenstamm, Martinsee"]
[Date "2024.11.23"]
[Round "4.118"]
[White "Manasek, Martin"]
[Black "Fernandez Egea, Andres"]
[Result "0-1"]
[WhiteElo "1656"]
[BlackElo "1828"]
[PlyCount "64"]
[EventDate "2024.11.21"]
[WhiteTeam "SC Flörsheim 1921"]
[BlackTeam "SF Frankfurt 1921"]

1. d4 Nf6 2. c4 e5 3. e3 Bb4+ 4. Nc3 exd4 5. exd4 O-O 6. Nf3 Re8+ 7. Be2 d5 8. O-O dxc4 9. Bxc4 Be6 10. Bxe6 Rxe6 11. Be3 Nbd7 12. Ne2 Qe7 13. Qb3 Ng4 14. Nf4 Nxe3 15. Nxe6 Nxf1 16. Nxc7 Nf6 17. Nxa8 Nd2 18. Nxd2 Bxd2 19. Qc2 Bf4 20. Qf5 Bd6 21. Kf1 g6 22. Qc8+ Kg7 23. Re1 Ne4 24. f3 Nd2+ 25. Kf2 Qh4+ 26. Ke2 Qg5 27. g4 Qb5+ 28. Kxd2 Bb4+ 29. Kc2 Bxe1 30. Kd1 Ba5 31. Qc5 Qd3+ 32. Kc1 Bd2+ 0-1

[Event "Sparkassen-Open A"]
[Site "Heusenstamm, Martinsee"]
[Date "2024.11.23"]
[Round "4.119"]
[White "Michalski, Uwe"]
[Black "Rotärmel, Leonie"]
[Result "1/2-1/2"]
[WhiteElo "1820"]
[BlackElo "1683"]
[PlyCount "93"]
[EventDate "2024.11.21"]
[WhiteTeam "Sfr.Mainz 1928"]
[BlackTeam "SK Bad Homburg 1927"]

1. e4 e6 2. d4 d5 3. exd5 exd5 4. Nf3 Bd6 5. Nc3 Ne7 6. Bg5 f6 7. Bh4 c6 8. Bd3 Bf5 9. O-O O-O 10. Qd2 Qc7 11. Ne2 Bg4 12. Bg3 Bxf3 13. gxf3 Ng6 14. Bf5 Re8 15. Kh1 Nd7 16. Rg1 Ndf8 17. h4 Ne7 18. Bd3 Bxg3 19. Nxg3 Qd7 20. Rg2 Nfg6 21. Rh2 Qc7 22. Nh5 Kh8 23. Rg1 Rg8 24. Rg4 b6 25. Rhg2 c5 26. Nxg7 Rxg7 27. h5 f5 28. Rg5 c4 29. Be2 Rag8 30. hxg6 Rxg6 31. f4 Qd6 32. Qe3 Rh6+ 33. Kg1 Rxg5 34. fxg5 Re6 35. Qf3 Ng6 36. Rh2 Nf4 37. Bf1 Rg6 38. Rh4 Rxg5+ 39. Kh1 Ng6 40. Rh6 Qe6 41. Bg2 f4 42. Rh5 Rxh5+ 43. Qxh5 Qe1+ 44. Kh2 Qxf2 45. Qxd5 Qg3+ 46. Kh1 Qe1+ 47. Kh2 1/2-1/2

[Event "Sparkassen-Open A"]
[Site "Heusenstamm, Martinsee"]
[Date "2024.11.23"]
[Round "4.120"]
[White "Ghaznavi, Massoud"]
[Black "Faulstich, Kurt"]
[Result "0-1"]
[WhiteElo "1637"]
[BlackElo "1819"]
[PlyCount "130"]
[EventDate "2024.11.21"]
[WhiteTeam "SV Oberursel"]
[BlackTeam "SAbt Niederräder TG"]

1. c4 e5 2. Nc3 Nf6 3. e4 Nc6 4. Nf3 g6 5. d3 h6 6. a3 a5 7. Be3 Bg7 8. h3 O-O 9. Be2 d6 10. Qd2 Kh7 11. Nh2 Ng8 12. c5 f5 13. cxd6 cxd6 14. f3 f4 15. Bf2 Be6 16. Bd1 Nge7 17. Ba4 Rc8 18. Rc1 d5 19. O-O d4 20. Nb1 Qd6 21. Qd1 Rc7 22. Nd2 Rfc8 23. Nc4 Qd8 24. Nb6 Rb8 25. Bb3 Qg8 26. Bxe6 Qxe6 27. Be1 Qd6 28. Qc2 Nc8 29. Bxa5 Nxa5 30. Qxc7 Qxc7 31. Rxc7 Nxb6 32. Ng4 Nc6 33. b4 Kg8 34. Rc1 Na8 35. Rd7 Nb6 36. Rd6 h5 37. Nf2 Na4 38. Rxg6 Nc3 39. Kf1 Kh7 40. Re6 Ra8 41. Nd1 Rxa3 42. Nxc3 dxc3 43. b5 Nd4 44. Rb6 Rb3 45. Rxb7 c2 46. Ke1 Rxd3 47. Rc7 Re3+ 48. Kf1 Rb3 49. Kf2 Rxb5 50. g3 fxg3+ 51. Kg2 h4 52. R1xc2 Nxc2 53. Rxc2 Bh6 54. Rc7+ Kg6 55. Rc6+ Kh5 56. Rc2 Kg5 57. Re2 Kf4 58. Rc2 Rb3 59. Rc1 Rb2+ 60. Kg1 Bg5 61. Rc3 Rf2 62. Rc7 Rxf3 63. Kg2 Rf2+ 64. Kg1 Kxe4 65. Rc4+ Kf3 0-1